000 01637nam0a2200349 4500
001 RU\NLR\bibl\1653751
005 20260405191843.0
010 _a978-5-403-03250-6
_bАСТ Москва
010 _a978-5-17-057205-2
_92000
_bАСТ
021 _aRU
_b2010-41156
_92759
035 _a(nilc)RSL-KNO-004654143
035 _a(NLR Aleph) 001645069
090 _a886202
_c886202
100 _a20100607d2010 |||y0rusy50 ca
101 1 _arus
_ceng
102 _aRU
105 _ay zzzz|||||
200 1 _aВыбор Софи
_e[роман]
_fУильям Стайрон
_g[пер. с англ. Т. Кудрявцевой
_gстихи в пер. В. Микушевича, Н. Эристави]
210 _aМосква
_cАСТ
_cАСТ Москва
_d2010
215 _a700, [1] с.
_d21
225 1 _aЗолотая классика
610 0 _aФилологические науки. Художественная литература -- США -- Американская литература -- с 1945 г. -- Произведения художественной литературы -- Художественная проза -- Романы. Повести. Рассказы
686 _aШ5(7США)62-644
_2rubbk
686 _aШ6(7США)67-440.4{Лх1979-50}
700 1 _4070
_8rus
_7ca
_aСтайрон
_bУ.
_f1925-2006
_gУильям
_3RU\NLR\auth\7783823
_966751
702 1 _aМикушевич
_bВ. Б.
_f1936-
_gВладимир Борисович
_4730
801 0 _aRU
_bРГБ
_c20100607
_grcr
801 1 _aRU
_bРГБ
_c20100607
801 2 _aRU
_bNLR
_c20100708
_grcr
942 _cBOOK
980 _aNB